LEADER 01239nam a2200205 i 4500 001 000000236302 003 CaOOAMICUS 005 20240506124838.0 008 141128s1753 xx u000 u lat u 013 $a215206 026 $ausr. t.*c m&t: "qAl (3) 1753 (R) - [*=ae] 040 $aSeMil$bita 245 10$aCommentarius in canones juris veteris ac novi, & in jus novissimum. Opus posthumum hactenus ineditum. Auctore Zegero Bernardo Van-Espen ... Tomus tertius. 300 $a[4], XLVIII, 657, [3] p. 500 $aSegn.: pg2 a-f2 2a-2c4 A-4N4 4O2 (4O2 bianca) 773 0 $aEspen, Zeger-Bernhard : van <1646-1728>$tZ. Bernardi van-Espen ... Scripta omnia, quatuor tomis comprehensa ... Opus integrum omnibus episcopis, eorum vicariis ..$d1753.$bEditio novissima, plurimis litteris, monumentis, passim suo loco positis, praesertim erudito in jus vetus novum & novissimum commentario ...$g3$w()31039 850 $aSeMil 852 $aSeMil$W1$xVenegono$y1$m2J VIII 20 FA$j186648$B186648$CSeMilBibl$Z2$F197381 $8I 996 $6245$aCommentarius in canones juris veteris ac novi, & in jus novissimum. Opus posthumum hactenus ineditum. Auctore Zegero Bernardo Van-Espen ... Tomus tertius$9(OLS)http://semarc/title/336780 LEADER 01513nam a2200265 i 4500 001 000000188938 003 CaOOAMICUS 005 20100426000000.0 008 100426s1929 gw u000 u ger u 013 $a167174 040 $aSeMil$bita 100 1 $aGrabmann, Martin,$d<1875-1949>.$0(OLS)http://semarc/name/6963 245 14$aDie Grundgedanken des Heiligen Augustinus über Seele und Gott :$bin ihrer Gegenwartsbedeutung /$cIn zweiter neubearbeiteter auflage dargestellt von Martin Grabmann. 260 $aKöln :$bJ. P. Bachem,$c1929. 300 $a111 p. ;$c24 cm. 490 0 $aRüstzeug der Gegenwart : eine Sammlung von religiösen, philosophischen und apologetischen Tagesfragen ;$vBand5. /2. auflage 650 4$aAgostino, Aurelio - Concetto di anima.$0(OLS)http://semarc/subject/35554 650 4$aAnima - Dottrina agostiniana.$0(OLS)http://semarc/subject/35555 650 4$aDio - Dottrina Agostiniana - Studio.$0(OLS)http://semarc/subject/35556 830 0$aRüstzeug der Gegenwart : eine Sammlung von religiösen, philosophischen und apologetischen Tagesfragen ;$vBand5. /2. auflage.$0(OLS)http://semarc/title/31219 850 $aSeMil 852 $aSeMil$W1$xVenegono$y1$m2T V 83$j139573$B139573$CSeMilBibl$Z2$F151194 $81 961 $aOmaggio: Altro 996 $6245$aDie Grundgedanken des Heiligen Augustinus über Seele und Gott :$bin ihrer Gegenwartsbedeutung$9(OLS)http://semarc/title/272003 996 $6260$aKöln :$bJ. P. Bachem$9(OLS)http://semarc/publisher/30098